000 00382 a2200157 4500
001 150248
040 _cEscola São Tomás de Aquino
100 _aMORRIS, Léturgie & Pearce
240 1 0 _aKid Lucky
_lpor
245 1 0 _aKid Lucky
300 _a46
362 0 _a2006
440 1 _aAsa
697 _aCaricaturas, desenho animado, cômico, fotonovelas / Quadrinhos
942 _cBK
999 _c150248
_d150248